header

Prosthodontics at a glance (Record no. 185583)

MARC details
000 -LEADER
fixed length control field 01811nam a2200337 a 4500
082 04 - DEWEY DECIMAL CLASSIFICATION NUMBER
Classification number 617.6/9
100 1# - MAIN ENTRY--AUTHOR NAME
Personal name Ahmad, Irfan,
245 10 - TITLE STATEMENT
Title Prosthodontics at a glance
260 ## - PUBLICATION, DISTRIBUTION, ETC. (IMPRINT)
Place of publication Chichester [England] :
Name of publisher Wiley-Blackwell,
Year of publication 2012.
300 ## - PHYSICAL DESCRIPTION
Number of Pages 126 p. :
Other physical details ill. (some col.).
490 1# - SERIES STATEMENT
Series statement At a glance
505 0# - FORMATTED CONTENTS NOTE
Formatted contents note section 1. Overview of prosthodontics -- section 2. Diagnostics -- section 3. Treatment planning -- section 4. Occlusion -- section 5. Periodontal aspects -- section 6. Endodontic aspects -- section 7. Anterior dental aesthetics -- section 8. Intracoronal restoration -- section 9. Extracoronal restoration -- section 10. Materials for indirect restoration -- section 11. Tooth preparation -- section 12. Temporary restoration -- section 13. Impressions -- section 14. Dental laboratory -- section 15. Cementation -- section 16. Removable prostheses -- section 17. Dental implants.
650 #0 - SUBJECT ADDED ENTRY--TOPICAL TERM
Topical Term Prosthodontics.
856 40 - ELECTRONIC LOCATION AND ACCESS
Uniform Resource Identifier http://site.ebrary.com/lib/rucke/Doc?id=10583405

No items available.

© 2026 Rongo University
Contact us: librarian | system librarian | Rongo university